Nominalization In Hadiyya. (Record no. 40708)
[ view plain ]
| 000 -LEADER | |
|---|---|
| fixed length control field | 00807nam a22002411a 4500 |
| 005 - DATE AND TIME OF LATEST TRANSACTION | |
| control field | 20150617020008.0 |
| 008 - FIXED-LENGTH DATA ELEMENTS--GENERAL INFORMATION | |
| fixed length control field | 091005s1998 001 0 eng d |
| 020 ## - INTERNATIONAL STANDARD BOOK NUMBER | |
| Terms of availability | 0.00 |
| 040 ## - CATALOGING SOURCE | |
| Original cataloging agency | NEGST Library - Kenya |
| 050 #4 - LIBRARY OF CONGRESS CALL NUMBER | |
| Classification number | PJ 2181.H3H36 1998 |
| 082 0# - DEWEY DECIMAL CLASSIFICATION NUMBER | |
| Classification number | PJ 2181.H3H36 1998 |
| 100 1# - MAIN ENTRY--PERSONAL NAME | |
| Personal name | Hankore Daniel. |
| 245 10 - TITLE STATEMENT | |
| Title | Nominalization In Hadiyya. |
| 260 ## - PUBLICATION, DISTRIBUTION, ETC. (IMPRINT) | |
| Place of publication, distribution, etc | Nairobi, Kenya.] : |
| Name of publisher, distributor, etc | [NEGST, |
| Date of publication, distribution, etc | 1998. |
| 300 ## - PHYSICAL DESCRIPTION | |
| Extent | v, 58p. |
| 440 #0 - SERIES STATEMENT/ADDED ENTRY--TITLE | |
| Title | Thesis (M.A. Translation Studies) Nairob |
| 500 ## - GENERAL NOTE | |
| General note | Includes bibliographical references Thesis (M.A. Translation Studies) - NEGST, Nairobi [Africana] |
| 600 10 - SUBJECT ADDED ENTRY--PERSONAL NAME | |
| Personal name | African Language. |
| 600 10 - SUBJECT ADDED ENTRY--PERSONAL NAME | |
| Personal name | Hadiyya Language- Grammar. |
| 852 ## - LOCATION/CALL NUMBER | |
| -- | 10.00 |
| 852 ## - LOCATION/CALL NUMBER | |
| -- | 10.00 |
| 942 00 - ADDED ENTRY ELEMENTS (KOHA) | |
| Koha issues (borrowed), all copies | 1 |
| Withdrawn status | Lost status | Source of classification or shelving scheme | Damaged status | Not for loan | Collection code | Home library | Current library | Shelving location | Date acquired | Source of acquisition | Cost, normal purchase price | Total Checkouts | Total Renewals | Full call number | Barcode | Date last seen | Date checked out | Copy number | Price effective from | Koha item type |
|---|---|---|---|---|---|---|---|---|---|---|---|---|---|---|---|---|---|---|---|---|
| Library of Congress Classification | Thesis | AIU/NEGST - Tony Wilmot Memorial Library | AIU/NEGST - Tony Wilmot Memorial Library | General Stacks | 10/05/2009 | D. | 10.00 | 2 | 1 | PJ 2181.H3H36 1998 | R20013F3232 | 09/26/2019 | 06/16/2015 | 1 | 10/05/2009 | Africana collection (General) | ||||
| Library of Congress Classification | Thesis | AIU/NEGST - Tony Wilmot Memorial Library | AIU/NEGST - Tony Wilmot Memorial Library | Reference | 10/05/2009 | 10.00 | THE PJ 2181.H3H36 1998 | R19578X3232 | 09/26/2019 | 2 | 10/05/2009 | Africana collection ( Reference) |
